L'armée romaine : VIIIe s. av. J.-C.-Ve s. ap. J.-C. (notice n° 1961110)

détails MARC
000 -LEADER
fixed length control field 01122cam a2200133 4500500
005 - DATE AND TIME OF LATEST TRANSACTION
control field 20260329034128.0
041 ## - LANGUAGE CODE
Language code of text/sound track or separate title fre
042 ## - AUTHENTICATION CODE
Authentication code dc
100 10 - MAIN ENTRY--PERSONAL NAME
Personal name Cosme, Pierre
Relator term author
245 00 - TITLE STATEMENT
Title L'armée romaine : VIIIe s. av. J.-C.-Ve s. ap. J.-C.
260 ## - PUBLICATION, DISTRIBUTION, ETC.
Name of publisher, distributor, etc. Armand Colin,<br/>
Date of publication, distribution, etc. 2021.<br/>
520 ## - SUMMARY, ETC.
Summary, etc. L’armée romaine nous est familière à travers péplums ou bandes dessinées, textes classiques, visite de sites antiques... Cet implacable outil de conquête et de civilisation, auquel l’Europe notamment doit largement ses contours reste un objet de fascination. Afin de restituer la réalité de l’armée romaine, cet ouvrage analyse l’évolution des institutions militaires romaines mais s’attache aussi à donner corps à ce que fut cette armée, en présentant les soldats qui, au-delà d’un instrument de conquête, ont également contribué à la diffusion du mode de vie romain, à la bonne marche de l’administration de l’Empire, mais aussi à la circulation des idées et des croyances.
856 41 - ELECTRONIC LOCATION AND ACCESS
Uniform Resource Identifier <a href="https://shs.cairn.info/l-armee-romaine--9782200620998?lang=fr&redirect-ssocas=7080">https://shs.cairn.info/l-armee-romaine--9782200620998?lang=fr&redirect-ssocas=7080</a>

Pas d'exemplaire disponible.

PLUDOC

PLUDOC est la plateforme unique et centralisée de gestion des bibliothèques physiques et numériques de Guinée administré par le CEDUST. Elle est la plus grande base de données de ressources documentaires pour les Étudiants, Enseignants chercheurs et Chercheurs de Guinée.

Adresse

627 919 101/664 919 101

25 boulevard du commerce
Kaloum, Conakry, Guinée

Réseaux sociaux

Powered by Netsen Group @ 2025